Vista normal
Vista MARC
Entrada Personal Name
Número de registros utilizados en: 1
001 - CONTROL NUMBER
- control field: 38301
003 - CONTROL NUMBER IDENTIFIER
- control field: OSt
005 - DATE AND TIME OF LATEST TRANSACTION
- control field: 20230915232044.0
008 - FIXED-LENGTH DATA ELEMENTS
- fixed length control field: 230915|| aca||aabn | a|a d
040 ## - CATALOGING SOURCE
- Original cataloging agency: OSt
- Transcribing agency: OSt
100 ## - HEADING--PERSONAL NAME
- Personal name: Gujarati, Damodar N
670 ## - SOURCE DATA FOUND
- Source citation: Work cat.: (OSt)32770: Gujarati, Damodar N., Econometría Damodar N. Gujarati, Dawn C. Porter ; revisión técnica Aurora Monroy Alarcón y José Héctor Cortés Fregoso ; traductora María del Pilar Carril Villareal